|
|
|
|
| LEADER |
00000nam0a2200000 4500 |
| 001 |
307593 |
| 005 |
20231102002017.0 |
| 020 |
|
|
|a RU
|b 80-75817
|
| 035 |
|
|
|a (RuTPU)RU\TPU\book\332886
|
| 090 |
|
|
|a 307593
|
| 100 |
|
|
|a 20151022d1980 m y0rusy5003 ca
|
| 101 |
0 |
|
|a rus
|
| 102 |
|
|
|a RU
|
| 105 |
|
|
|a a j 001zy
|
| 200 |
1 |
|
|a Пайка новых конструкционных материалов
|e учебное пособие для заочных курсов повышения квалификации ИТР по технологии и оборуд. сварочного производства
|f Ю. С. Долгов, З. В. Никифорова
|g Научно-техническое общество машиностроительной промышленности (НТО Машпром), Центральное правление
|
| 210 |
|
|
|a Москва
|c Машиностроение
|d 1980
|
| 215 |
|
|
|a 40 с.
|c ил.
|
| 225 |
1 |
|
|a Университет технического прогресса в машиностроении
|
| 320 |
|
|
|a Библиогр.: с. 39
|
| 606 |
1 |
|
|a Пайка
|2 stltpush
|3 (RuTPU)RU\TPU\subj\58921
|9 76604
|
| 610 |
1 |
|
|a паяние
|
| 610 |
1 |
|
|a конструкционные материалы
|
| 610 |
1 |
|
|a способы
|
| 610 |
1 |
|
|a титановые сплавы
|
| 610 |
1 |
|
|a тугоплавкие металлы
|
| 610 |
1 |
|
|a жаропрочные стали
|
| 610 |
1 |
|
|a никелевые сплавы
|
| 610 |
1 |
|
|a неметаллические материалы
|
| 610 |
1 |
|
|a учебные пособия
|
| 675 |
|
|
|a 621.791.3(075.4)
|z rus
|v 3
|
| 700 |
|
1 |
|a Долгов
|b Ю. С.
|g Юрий Семенович
|4 070
|
| 701 |
|
1 |
|a Никифорова
|b З. В.
|g Зинаида Васильевна
|4 070
|
| 712 |
0 |
2 |
|a Научно-техническое общество машиностроительной промышленности (НТО Машпром)
|b Центральное правление
|f (1955-1985)
|2 stltpush
|3 (RuTPU)RU\TPU\col\21679
|
| 801 |
|
0 |
|a RU
|b RuMRKP
|c 19950704
|g psbo
|
| 801 |
|
1 |
|a RU
|b 63413507
|c 20151022
|
| 801 |
|
2 |
|a RU
|b 63413507
|c 20181018
|g RCR
|
| 942 |
|
|
|c BK
|